000 00715nam a2200193 a 4500
001 000689357
003 AM-YeHGA
005 20250617142328.0
008 091012s1966 ||| r 000 0 rus d
040 _aAM-YeHGA
041 0 _arus
100 1 _aЛуканин, Владимир Павлович
245 1 0 _aЛекарственные растения Свердловской области :
_bВ.П. Луканин.
260 _aСвердловск :
_bСредне-Уральское кн. изд-во,
_c1966.
300 _a75 с. :
_bил.
504 _aБиблиогр.: с.75
653 0 _aЛекарственные растения - Свердловская область
090 _c257316
999 _c255712
_d255712